Energy conservation - a non-planning matter? (Record no. 74248)
[ view plain ]
| 000 -LEADER | |
|---|---|
| fixed length control field | 02181cab a2200361 4500 |
| 001 - CONTROL NUMBER | |
| control field | ABS67544 |
| 008 - FIXED-LENGTH DATA ELEMENTS--GENERAL INFORMATION | |
| fixed length control field | 040305n2004 000 0 eng u |
| 035 ## - SYSTEM CONTROL NUMBER | |
| System control number | (Sirsi) u125345 |
| 100 ## - MAIN ENTRY--PERSONAL NAME | |
| Personal name | King, J. |
| 245 ## - TITLE STATEMENT | |
| Title | Energy conservation - a non-planning matter? |
| 260 ## - PUBLICATION, DISTRIBUTION, ETC. | |
| Date of publication, distribution, etc. | 2004 |
| 490 ## - SERIES STATEMENT | |
| Series statement | Town & Country Planning |
| Volume/sequential designation | 73(2) February 2004, 64-66(3) |
| 520 ## - SUMMARY, ETC. | |
| Summary, etc. | Investigates whether the present planning system is fit for the purpose of facilitating high-quality sustainable urban growth and delivering healthy, energy-efficient housing. Asserts that the planning system generally fails to deliver development that integrates good standards of energy efficiency, displays locally sensitive or inspiring architecture and promotes quality of life. Looks at the real tools offered by the planning system to local planning authorities to ensure the delivery of high-quality, energy-efficient housing: design codes, community strategies, strategic environment assessments from 2004 and the future provisions for planning functions to be exercised with a view to achieving sustainable development included in the Planning and Compulsory Purchase Bill Part III CL38. Concludes that the planning system still seems destined to fail to provide the impetus to improve the energy efficiency of the building stock. Notes and chart displaying UK carbon emissions - year 2000 sources by sector. |
| 590 ## - LOCAL NOTE (RLIN) | |
| Local note | ABS |
| 650 ## - SUBJECT ADDED ENTRY--TOPICAL TERM | |
| Topical term or geographic name entry element | BUILDING REGULATIONS 2000 APPROVED DOCUMENT L1 (2002 EDITION) |
| 650 ## - SUBJECT ADDED ENTRY--TOPICAL TERM | |
| Topical term or geographic name entry element | BUILDING REGULATIONS 2000 APPROVED DOCUMENT L2 (2002 EDITION) |
| 650 ## - SUBJECT ADDED ENTRY--TOPICAL TERM | |
| Topical term or geographic name entry element | SUSTAINABLE DEVELOPMENT |
| 650 ## - SUBJECT ADDED ENTRY--TOPICAL TERM | |
| Topical term or geographic name entry element | SUSTAINABLE HOUSING |
| 650 ## - SUBJECT ADDED ENTRY--TOPICAL TERM | |
| Topical term or geographic name entry element | SUSTAINABLE COMMUNITIES: BUILDING FOR THE FUTURE |
| 650 ## - SUBJECT ADDED ENTRY--TOPICAL TERM | |
| Topical term or geographic name entry element | ENERGY EFFICIENT HOUSING |
| 650 ## - SUBJECT ADDED ENTRY--TOPICAL TERM | |
| Topical term or geographic name entry element | STRATEGIC ENVIRONMENTAL ASSESSMENTS |
| 650 ## - SUBJECT ADDED ENTRY--TOPICAL TERM | |
| Topical term or geographic name entry element | PLANNING AND COMPULSORY PURCHASE BILL PART III CL38 |
| 650 ## - SUBJECT ADDED ENTRY--TOPICAL TERM | |
| Topical term or geographic name entry element | COMMUNITY STRATEGY |
| 650 ## - SUBJECT ADDED ENTRY--TOPICAL TERM | |
| Topical term or geographic name entry element | PPG1 |
| 650 ## - SUBJECT ADDED ENTRY--TOPICAL TERM | |
| Topical term or geographic name entry element | PPG3 |
| 650 ## - SUBJECT ADDED ENTRY--TOPICAL TERM | |
| Topical term or geographic name entry element | PPG12 |
| 650 ## - SUBJECT ADDED ENTRY--TOPICAL TERM | |
| Topical term or geographic name entry element | ENERGY CONSERVATION |
| 650 ## - SUBJECT ADDED ENTRY--TOPICAL TERM | |
| Topical term or geographic name entry element | CARBON EMISSIONS |
| 650 ## - SUBJECT ADDED ENTRY--TOPICAL TERM | |
| Topical term or geographic name entry element | SUSTAINABLE DESIGN |
| 650 ## - SUBJECT ADDED ENTRY--TOPICAL TERM | |
| Topical term or geographic name entry element | PLANNING SYSTEM |
| 690 ## - LOCAL SUBJECT ADDED ENTRY--TOPICAL TERM (OCLC, RLIN) | |
| Topical term or geographic name as entry element | ENVIRONMENTAL AND LAND CONSULTANCY-PLANNING AND DEVELOPMENT |
| 942 ## - ADDED ENTRY ELEMENTS (KOHA) | |
| Suppress in OPAC | 0 |
| Withdrawn status | Lost status | Source of classification or shelving scheme | Damaged status | Not for loan | Home library | Current library | Shelving location | Date acquired | Total Checkouts | Full call number | Barcode | Date last seen | Copy number | Price effective from | Koha item type |
|---|---|---|---|---|---|---|---|---|---|---|---|---|---|---|---|
| Dewey Decimal Classification | London | London | Journal article | 05/03/2004 | ABS67544 | 125345-1001 | 06/08/2019 | 1 | 06/08/2019 | Journal article |